|
|
|
|
| LEADER |
00845pam a22002658a 4500 |
| 001 |
00035150 |
| 005 |
20210310130324.0 |
| 008 |
161122s2008 ||||||Viesd |
| 020 |
# |
# |
|c 28000
|
| 041 |
0 |
# |
|a Vie
|
| 082 |
1 |
4 |
|a 428
|b M458TR
|
| 100 |
1 |
# |
|a Lê, Văn Sự
|
| 245 |
0 |
0 |
|a 105 bài học phát âm tiếng Anh
|c Lê Văn Sự
|
| 246 |
0 |
1 |
|a 105 English Pronunciation Lessons
|
| 260 |
# |
# |
|a TP. Hồ Chí Minh
|b Hồng Đức
|c 2008
|
| 300 |
# |
# |
|a 213tr.
|c 21cm
|
| 653 |
# |
# |
|a Ngôn Ngữ
|
| 653 |
# |
# |
|a Phát âm
|
| 653 |
# |
# |
|a Tin Học
|
| 653 |
# |
# |
|a Tiếng Anh
|
| 852 |
# |
# |
|b Kho mượn
|j KM.0019365, KM.0020102
|
| 852 |
# |
# |
|b Kho đọc
|j KD.0018859
|
| 852 |
# |
# |
|j KM.0020102
|j KD.0018859
|j KM.0019365
|
| 910 |
# |
# |
|d 22/11/2016
|
| 980 |
# |
# |
|a Trung tâm Học liệu Lê Vũ Hùng, Trường Đại học Đồng Tháp
|